Cargando...

Andamans and Nicobars the narrative of a cruize in the schooner ''Terrapin'',with notices of the Islands,their fanna,ethnology /

Detalles Bibliográficos
Autor Principal: Kloss, C. Boden
Idioma:Undetermined
Publicado: 1971.
LEADER 00488nam a2200121Ia 4500
001 123309
008 170722s9999 xx 000 0 und d
100 |a Kloss, C. Boden 
245 |a Andamans and Nicobars  |b the narrative of a cruize in the schooner ''Terrapin'',with notices of the Islands,their fanna,ethnology / 
260 |c 1971. 
942 |c GEN 
999 |c 83354  |d 83354 
952 |0 0  |1 0  |4 0  |6 Y_74491_000000000000000_L1  |7 0  |8 CR  |9 116758  |a LIB  |b LIB  |d 2017-08-12  |h CR  |o Y74491 L1  |p 143029  |r 2017-08-12  |w 2017-08-12  |y GEN